LEADER 01384nam 2200421 450 001 9910824374003321 005 20230420123842.0 010 $a9788418177217$b(electronic bk.) 035 $a(MiAaPQ)EBC30293478 035 $a(Au-PeEL)EBL30293478 035 $a(CKB)25723517800041 035 $a(OCoLC)1356006386 035 $a(EXLCZ)9925723517800041 100 $a20230420d2022 uy 0 101 0 $aspa 135 $aurcnu|||||||| 181 $ctxt$2rdacontent 182 $cc$2rdamedia 183 $acr$2rdacarrier 200 10$aContabilidad financiera basica /$fManuel Enrique Sansalvador Selles and Jose Francisco Gonzalez Carbonell 205 $a1st ed. 210 1$aMadrid, Spain :$cUniversidad Miguel Hernandez,$d[2022] 210 4$d©2022 215 $a1 online resource (220 pages) 311 08$aPrint version: Sansalvador Sellés, Manuel Enrique Contabilidad Financiera Básica Elche : Universidad Miguel Hernández,c2022 606 $aAccounting 606 $aFinancial statements 615 0$aAccounting. 615 0$aFinancial statements. 676 $a657.01 700 $aSansalvador Selles$b Manuel Enrique$01209675 702 $aGonzalez Carbonell$b Jose Francisco 801 0$bMiAaPQ 801 1$bMiAaPQ 801 2$bMiAaPQ 912 $a9910824374003321 996 $aContabilidad financiera basica$94067956 997 $aUNINA